Real estate 2009 (Record no. 109764)
[ view plain ]
| 000 -LEADER | |
|---|---|
| fixed length control field | 01577cad a22002415a 4500 |
| 001 - CONTROL NUMBER | |
| control field | E147888 |
| 008 - FIXED-LENGTH DATA ELEMENTS--GENERAL INFORMATION | |
| fixed length control field | 090626s2009 xxk 000 0 eng u |
| 035 ## - SYSTEM CONTROL NUMBER | |
| System control number | (Sirsi) u147888 |
| 041 0# - LANGUAGE CODE | |
| Language code of text/sound track or separate title | eng |
| 100 1# - MAIN ENTRY--PERSONAL NAME | |
| Personal name | Cookson, Simon T. |
| 245 00 - TITLE STATEMENT | |
| Title | Real estate 2009 |
| Medium | [electronic resource] |
| 260 ## - PUBLICATION, DISTRIBUTION, ETC. | |
| Place of publication, distribution, etc. | [S.l.] |
| Name of publisher, distributor, etc. | ICLGS |
| Date of publication, distribution, etc. | 2009 |
| 490 #0 - SERIES STATEMENT | |
| Series statement | International Comparative Legal Guide Series |
| 505 1# - FORMATTED CONTENTS NOTE | |
| Formatted contents note | Cash but no credit, confidence or valuations, real estate markets stalled -- Middle East real estate: a comparative review -- Abu Dhabi -- Albania -- Argentina -- Australia -- Austria -- Belgium -- Brazil -- Bulgaria -- Canada -- Chile -- Colombia -- Costa Rica -- Croatia -- Cyprus -- Dubai -- El Salvador -- England and Wales -- Finland -- France -- Germany -- Greece -- Guatamala -- Honduras -- Hungary -- Iceland -- India -- Indonesia -- Ireland -- Italy -- Japan -- Latvia -- Lithuania -- Luxembourg -- Malta -- Mexico -- Montenegro -- New Zealand -- Nicaragua -- Nigeria -- Norway -- Romania -- Russia -- Serbia -- Slovenia -- South Africa -- Spain -- Sweden -- Switzerland -- Ukraine -- USA |
| 520 ## - SUMMARY, ETC. | |
| Summary, etc. | Examines the current state of real estate markets and looks at real estate in the Middle East. Goes on to focus on policies from 50 different political entities in the 'country chapters'. |
| 590 ## - LOCAL NOTE (RLIN) | |
| Local note | KA |
| 651 #4 - SUBJECT ADDED ENTRY--GEOGRAPHIC NAME | |
| Geographic name | International |
| 690 ## - LOCAL SUBJECT ADDED ENTRY--TOPICAL TERM (OCLC, RLIN) | |
| Topical term or geographic name as entry element | PROPERTY |
| 700 1# - ADDED ENTRY--PERSONAL NAME | |
| Personal name | Mohammed, Abdul-Haq |
| 700 1# - ADDED ENTRY--PERSONAL NAME | |
| Personal name | Greatrex, Peter |
| 856 40 - ELECTRONIC LOCATION AND ACCESS | |
| Uniform Resource Identifier | <a href="https://www.iclg.co.uk/index.php?area=4&kh_publications_id=95">https://www.iclg.co.uk/index.php?area=4&kh_publications_id=95</a> |
| Public note | View the item free of charge at www.iclg.co.uk/... |
| 942 ## - ADDED ENTRY ELEMENTS (KOHA) | |
| Suppress in OPAC | 0 |
| Withdrawn status | Lost status | Source of classification or shelving scheme | Damaged status | Not for loan | Home library | Current library | Shelving location | Date acquired | Total Checkouts | Full call number | Barcode | Date last seen | Copy number | Price effective from | Koha item type |
|---|---|---|---|---|---|---|---|---|---|---|---|---|---|---|---|
| Dewey Decimal Classification | Virtual | Virtual | Online | 26/06/2009 | ONLINE PUBLICATION | 147888-2001 | 06/08/2019 | 1 | 06/08/2019 | Book |